| 000 | 01253nam a22002777a 4500 | ||
|---|---|---|---|
| 008 | 081125t xxu||||| |||| 00| 0 hin d | ||
| 010 | _aHIN-85238 | ||
| 020 |
_a8175700793 _c250.00 |
||
| 035 | _aHN-57584 | ||
| 037 | _bDBAD / PUB | ||
| 040 |
_aDPL _bHN |
||
| 082 | _a808.883 | ||
| 100 | _aनिशांतकेतु | ||
| 245 |
_aस्मृति के अक्षर / _bआचार्य निशांतकेतु |
||
| 246 |
_aSmriti ke akshara _bby Acharya Nishantketu |
||
| 260 |
_aनई दिल्ली _bसूर्यप्रभा प्रकाशन _c2007 |
||
| 270 |
_aजी-564, सुलतानपुरी _bनई दिल्ली _e110 041 _k25477805 |
||
| 300 |
_a2भाग(192पृ.) _c21सेमी.(सजिल्द) |
||
| 500 | _aकेवल भाग-2 उपलब्ध है । | ||
| 600 | _aनिशांतकेतु | ||
| 600 | _aNishantketu | ||
| 650 | _aस्मृति | ||
| 650 | _aMemory | ||
| 942 |
_2ddc _cHN _h808.883 _mनिशांत |
||
| 999 |
_c19084 _d19084 |
||